Evolving Dynamics of FATA Reflections on Tranformation (Record no. 16251)

000 -LEADER
fixed length control field 00618nam a22001457a 4500
003 - CONTROL NUMBER IDENTIFIER
control field OSt
020 ## - INTERNATIONAL STANDARD BOOK NUMBER
International Standard Book Number 9789699890109
040 ## - CATALOGING SOURCE
Original cataloging agency 0
082 ## - DEWEY DECIMAL CLASSIFICATION NUMBER
Classification number 954.549122
Author Mark EVO 2014
245 ## - TITLE STATEMENT
Title Evolving Dynamics of FATA Reflections on Tranformation
Statement of responsibility, etc. Noel l. Khokhar
260 ## - PUBLICATION, DISTRIBUTION, ETC.
Place of publication, distribution, etc. Islamabad
Name of publisher, distributor, etc. NDU
Date of publication, distribution, etc. 2014
300 ## - PHYSICAL DESCRIPTION
Extent 221 p.
650 ## - SUBJECT ADDED ENTRY--TOPICAL TERM
Topical term or geographic name entry element FATA: Geography, History and Culture, Politico-Constitutional Aspects of FATA, Rejuvenating FATA: Education as an Instrument of Change, FATA: Socio-economic challenges, Military in FATA: The cultural and religious Dimensions, External Drivers inside FATA and their Linikage
942 ## - ADDED ENTRY ELEMENTS (KOHA)
Source of classification or shelving scheme
Koha item type Book
Holdings
Withdrawn status Lost status Damaged status Not for loan Collection code Permanent Location Current Location Shelving location Date acquired Total Checkouts Full call number Barcode Date last seen Date last checked out Price effective from Koha item type
          Centre for International Peace & Stability (CIPS) Centre for International Peace & Stability (CIPS) General Stacks 10/15/2015 1 954.549122 EVO 2014 CIPSD0000165 12/05/2024 07/03/2024 10/15/2015 Book
© 2023 Central Library, National University of Sciences and Technology. All Rights Reserved.